[Event "ICS rated blitz match"]
[Site "207.99.83.227"]
[Date "1999.05.11"]
[Round "?"]
[White "Hossa"]
[Black "JudgeTurpin"]
[Result "0-1"]
[WhiteElo "2396"]
[BlackElo "2562"]
[Annotator "Crafty v16.6"]
[PlyCount "51"]

{annotating for player ossa using a scoring margin of +0.20 pawns. search time
limit is 1:00} 1. e4 1... e5 2. f4 exf4 3. Nf3 g5 4. d4 ({10:-1.63} 4. d4 4...
g4 5. Ne5 Qh4+ 6. Kd2 d6 7. Nd3 Nf6 8. Nc3 8... g3 $19) ({10:-0.72} 4. h3 4...
Nf6 5. Nxg5 h6 6. Nf3 Nxe4 7. Nc3 Ng3 8. Rg1 8... Bb4 $17) 4... g4 5. Ne5 Qh4+
6. Kd2 d6 7. Nc4 f3 8. gxf3 Bh6+ 9. Kc3 Bxc1 10. Qxc1 gxf3 11. Nbd2 ({9:-0.86} 
11. Nbd2 11... f2 12. e5 Nc6 13. Nf3 Qe4 14. Qe3 d5 15. Bd3 Qxe3 16. Nxe3 $17)
({9:-0.39} 11. Qe3 11... Nf6 12. Nbd2 f2 13. Be2 Bh3 14. Bf1 Be6 15. Na5 15...
Ng4 $15) 11... Nf6 12. e5 ({9:-1.37} 12. e5 12... Nc6 13. exf6 Qxd4+ 14. Kb3 b5
15. Nxf3 bxc4+ 16. Ka4 Qxf6 17. Qe3+ Qe6 18. Re1 $17) ({9:-0.80} 12. Nxf3 12...
Qxe4 13. Qd1 Bg4 14. Bg2 Nc6 15. Re1 Bxf3 16. Qxf3 Nd5+ 17. Kd2 $17) 12... Nd5+
13. Kb3 b5 14. Nxd6+ cxd6 15. Bxb5+ ({8:-2.16} 15. Bxb5+ 15... Bd7 16. Nxf3 Qe4
17. Qf1 Ne3 18. Qe2 Bxb5 19. Qxb5+ Nc6 20. exd6 20... Qxf3 $19) ({8:-1.79} 15.
exd6 15... Qxd4 16. Bxb5+ Bd7 17. Re1+ Kd8 18. Re4 Qb6 19. a4 Bxb5 20. axb5
Qxd6 21. Nxf3 $19) 15... Bd7 16. Nxf3 Qe4 17. Bxd7+ ({9:-4.46} 17. Bxd7+ 17...
Nxd7 18. exd6 Qxf3+ 19. c3 Rb8+ 20. Ka3 N7b6 21. Re1+ Kd7 22. b3 Nxc3 23. Re3
Nb5+ 24. Kb2 $19) ({9:-2.76} 17. Qf1 17... Ne3 18. Qd3 Qxf3 19. exd6 Bxb5 20.
Qxb5+ Nc6 21. Rhe1 21... O-O $19) 17... Nxd7 18. exd6 Qxf3+ 19. c3 Ne3 20.
Qxe3+ Qxe3 21. Rhe1 Rb8+ 22. Ka3 Qe6 23. Rxe6+ fxe6 24. c4 Rf8 25. Re1 ({
11:-4.17} 25. Re1 25... Rf3+ 26. b3 Nb6 27. c5 Kd7 28. Rc1 Nc8 29. h4 Nxd6 30.
cxd6 30... Kxd6 $19) ({11:-3.96} 25. c5 25... Rf2 26. b3 Rc8 27. Rg1 Kf7 28.
Rc1 Rc6 29. h3 Rd2 30. Rf1+ 30... Kg6 $19) 25... Nb6 26. b3 0-1

[Event "ICS rated blitz match"]
[Site "207.99.83.227"]
[Date "1999.05.11"]
[Round "?"]
[White "Angharad"]
[Black "Hossa"]
[Result "0-1"]
[WhiteElo "2022"]
[BlackElo "2387"]
[PlyCount "84"]

1. e4 e5 2. Nf3 Nf6 3. Nxe5 Qe7 4. Nf3 Nxe4 5. Be2 Qd8 6. d4 Be7 7. Nc3 d5 8.
O-O Nc6 9. h3 O-O 10. Bf4 Nxc3 11. bxc3 Bd6 12. Ne5 Bxe5 13. dxe5 f6 14. exf6
Qxf6 15. Bg3 Qf7 16. Bf3 Be6 17. Re1 Rae8 18. Qd3 Kh8 19. Qb5 Nd8 20. Re3 c6
21. Qe2 Bxh3 22. Re1 Bd7 23. Bd6 Rxe3 24. fxe3 Rg8 25. Rf1 Qf6 26. Bb4 Qh4 27.
Bh5 Qg5 28. c4 Bh3 29. Bf3 dxc4 30. Bc3 Ne6 31. Qxc4 Qxe3+ 32. Kh1 Rf8 33. Bb2
Qh6 34. Kg1 Qg5 35. Qc3 Bxg2 36. Bxg2 Nf4 37. Qf3 Rf7 38. Kh1 Qh6+ 39. Kg1 Qe6
40. Kh1 Ne2 41. Qxf7 Qh6+ 42. Bh3 42... Qxh3# {Angharad checkmated} 0-1

[Event "ICS rated blitz match"]
[Site "207.99.83.227"]
[Date "1999.05.11"]
[Round "?"]
[White "Hossa"]
[Black "JudgeTurpin"]
[Result "1-0"]
[WhiteElo "2390"]
[BlackElo "2571"]
[PlyCount "199"]

1. e4 c5 2. Nc3 Nc6 3. Nf3 e5 4. Bb5 d6 5. O-O a6 6. Bxc6+ bxc6 7. d3 Bg4 8.
Rb1 Be7 9. b4 cxb4 10. Rxb4 Qa5 11. Rb3 Be6 12. Ra3 Qc7 13. Ng5 Bxg5 14. Bxg5
h6 15. Qh5 Qb6 16. Nb1 Qb2 17. c4 Rb8 18. h3 Bc8 19. Rd1 Rb7 20. Bh4 Ne7 21.
Rxa6 Qxb1 22. Bxe7 Kxe7 23. Rxc6 Bd7 24. Rxd6 Kxd6 25. Rxb1 Rxb1+ 26. Kh2 g6
27. Qf3 Be6 28. Qf6 Ra8 29. f4 exf4 30. d4 f3 31. Qxf3 Ke7 32. d5 Bd7 33. e5
Kf8 34. e6 Bxe6 35. dxe6 Ra7 36. Qf4 Rbb7 37. Qxh6+ Kg8 38. exf7+ Kxf7 39. a4
Rc7 40. h4 Re7 41. Qf4+ Kg8 42. Qg5 Kh7 43. a5 Re6 44. Kg3 Rea6 45. h5 gxh5 46.
Qxh5+ Kg7 47. Kg4 Rxa5 48. c5 R7a6 49. Qe5+ Kg6 50. Qf5+ Kg7 51. Kg5 Ra2 52. g4
R2a5 53. Qe5+ Kf8 54. Kf5 Rb5 55. Qc7 Rba5 56. g5 Ra7 57. Qd6+ Kg7 58. Qf6+ Kh7
59. g6+ Kg8 60. Qd4 Ra1 61. Qd5+ Kg7 62. Qe5+ Kg8 63. Qb8+ Kg7 64. Qf4 R1a5 65.
Qe5+ Kg8 66. Qd6 Ra1 67. Qe6+ Kf8 68. Qf6+ Kg8 69. Qd8+ Kg7 70. Qd3 Kf8 71. Qh3
Kg8 72. Kg5 R1a2 73. Kh6 Kf8 74. g7+ Rxg7 75. Qc8+ Ke7 76. Qb7+ Ke8 77. Kxg7
Rd2 78. Qb8+ Kd7 79. c6+ Kxc6 80. Qb4 Rd6 81. Qc4+ Kd7 82. Kf7 Kd8 83. Qb4 Kc7
84. Ke7 Rb6 85. Qf4+ Kc6 86. Qc4+ Kb7 87. Kd7 Ka7 88. Qd4 Kb7 89. Qa4 Kb8 90.
Qe4 Rb7+ 91. Kc6 Ka7 92. Qa4+ Kb8 93. Qa5 Rb1 94. Qe5+ Ka7 95. Qd4+ Kb8 96.
Qh8+ Ka7 97. Qh7+ Kb8 98. Qxb1+ Kc8 99. Qb4 Kd8 100. Qf8# {
JudgeTurpin checkmated} 1-0

[Event "ICS rated blitz match"]
[Site "207.99.83.227"]
[Date "1999.05.11"]
[Round "?"]
[White "Hossa"]
[Black "JudgeTurpin"]
[Result "1/2-1/2"]
[WhiteElo "2414"]
[BlackElo "2547"]
[PlyCount "135"]

1. e4 c5 2. Nc3 e6 3. Nf3 a6 4. Be2 b5 5. O-O Bb7 6. d4 b4 7. Na4 cxd4 8. Qxd4
Nc6 9. Qb6 Qxb6 10. Nxb6 Rd8 11. Bf4 Bc5 12. Bc7 Bxb6 13. Bxb6 Rc8 14. a3 bxa3
15. Rxa3 Nf6 16. e5 Ng4 17. Re1 Ngxe5 18. Nxe5 Nxe5 19. Bd4 f6 20. Bxa6 Bxa6
21. Bxe5 fxe5 22. Rxa6 Ke7 23. c3 Ra8 24. Rxa8 Rxa8 25. f3 Ra2 26. Re2 d5 27.
Kf2 Kf6 28. b3 Ra1 29. Re3 Rc1 30. Rd3 Rc2+ 31. Kf1 Kf5 32. Kg1 g5 33. h3 Kf4
34. Kh2 e4 35. fxe4 dxe4 36. Rd7 Rxc3 37. b4 e3 38. Rf7+ Ke4 39. Re7 e2 40.
Rxe6+ Kd3 41. Kg3 Rc1 42. Kg4 e1=Q 43. Rxe1 Rxe1 44. Kxg5 Kc4 45. Kh6 Re3 46.
Kxh7 Rg3 47. h4 Kxb4 48. h5 Kc4 49. h6 Kd4 50. Kh8 Ke5 51. h7 Rg4 52. g3 Rg6
53. g4 Rd6 54. Kg7 Rd7+ 55. Kh6 Rd8 56. g5 Kf5 57. g6 Kg4 58. Kg7 Kf5 59. Kf7
Rh8 60. Kg7 Rd8 61. Kf7 Rh8 62. Kg7 Rb8 63. Kh6 Rb1 64. Kg7 Rh1 65. Kf7 Rh6 66.
g7 Rxh7 67. Kf8 Rxg7 68. Kxg7 {
Game drawn because neither player has mating material} 1/2-1/2

[Event "ICS rated blitz match"]
[Site "207.99.83.227"]
[Date "1999.05.11"]
[Round "?"]
[White "Hossa"]
[Black "JudgeTurpin"]
[Result "0-1"]
[WhiteElo "2420"]
[BlackElo "2541"]
[Annotator "Crafty v16.6"]
[PlyCount "55"]

{annotating for player ossa using a scoring margin of +0.20 pawns. search time
limit is 1:00} 1. e4 1... e5 2. f4 exf4 3. Nf3 g5 4. d4 ({10:-1.63} 4. d4 4...
g4 5. Ne5 Qh4+ 6. Kd2 d6 7. Nd3 Nf6 8. Nc3 8... g3 $19) ({10:-0.72} 4. h3 4...
Nf6 5. Nxg5 h6 6. Nf3 Nxe4 7. Nc3 Ng3 8. Rg1 8... Bb4 $17) 4... g4 5. Ne5 Qh4+
6. Kd2 d6 7. Nc4 f3 8. gxf3 Bh6+ 9. Kc3 Bxc1 10. Qxc1 gxf3 11. Nbd2 ({9:-0.86} 
11. Nbd2 11... f2 12. e5 Nc6 13. Nf3 Qe4 14. Qe3 d5 15. Bd3 Qxe3 16. Nxe3 $17)
({9:-0.39} 11. Qe3 11... Nf6 12. Nbd2 f2 13. Be2 Bh3 14. Bf1 Be6 15. Na5 15...
Ng4 $15) 11... Nf6 12. e5 ({9:-1.37} 12. e5 12... Nc6 13. exf6 Qxd4+ 14. Kb3 b5
15. Nxf3 bxc4+ 16. Ka4 Qxf6 17. Qe3+ Qe6 18. Re1 $17) ({9:-0.80} 12. Nxf3 12...
Qxe4 13. Qd1 Bg4 14. Bg2 Nc6 15. Re1 Bxf3 16. Qxf3 Nd5+ 17. Kd2 $17) 12... Nd5+
13. Kb3 b5 14. Nxd6+ cxd6 15. Bxb5+ ({8:-2.16} 15. Bxb5+ 15... Bd7 16. Nxf3 Qe4
17. Qf1 Ne3 18. Qe2 Bxb5 19. Qxb5+ Nc6 20. exd6 20... Qxf3 $19) ({8:-1.79} 15.
exd6 15... Qxd4 16. Bxb5+ Bd7 17. Re1+ Kd8 18. Re4 Qb6 19. a4 Bxb5 20. axb5
Qxd6 21. Nxf3 $19) 15... Bd7 16. Nxf3 Qe4 17. Bxd7+ ({9:-4.46} 17. Bxd7+ 17...
Nxd7 18. exd6 Qxf3+ 19. c3 Rb8+ 20. Ka3 N7b6 21. Re1+ Kd7 22. b3 Nxc3 23. Re3
Nb5+ 24. Kb2 $19) ({9:-2.76} 17. Qf1 17... Ne3 18. Qd3 Qxf3 19. exd6 Bxb5 20.
Qxb5+ Nc6 21. Rhe1 21... O-O $19) 17... Nxd7 18. exd6 Qxf3+ 19. c3 Ne3 20.
Qxe3+ Qxe3 21. Rhe1 Rb8+ 22. Ka3 Qe6 23. Rxe6+ fxe6 24. c4 Nb6 25. b3 Kd7 26.
Rg1 ({11:-5.03} 26. Rg1 26... Kxd6 27. Rg7 Nd7 28. Kb2 Rbg8 29. c5+ Kc7 30. Re7
Rg2+ 31. Kc3 e5 32. d5 32... Rxh2 $19) ({11:-4.05} 26. c5 26... Rhg8 27. Rc1
Nc8 28. Rc2 Nxd6 29. cxd6 Kxd6 30. Kb2 Rbc8 31. Rc4 $19) 26... Rhg8 27. Rf1
Rbf8 28. Rd1 ({10:-5.46} 28. Rd1 28... Kxd6 29. c5+ Kd5 30. cxb6 axb6 31. Kb4
Rg2 32. a3 Rxh2 33. Kc3 $19) ({10:-5.06} 28. Rxf8 28... Rxf8 29. c5 Nc8 30. Kb4
Rf2 31. h4 Rxa2 32. Kc4 Nxd6+ 33. cxd6 33... Kxd6 $19) 0-1

[Event "ICS rated blitz match"]
[Site "207.99.83.227"]
[Date "1999.05.11"]
[Round "?"]
[White "Hossa"]
[Black "JudgeTurpin"]
[Result "0-1"]
[WhiteElo "2409"]
[BlackElo "2552"]
[Annotator "Crafty v16.6"]
[PlyCount "109"]

{annotating for player ossa using a scoring margin of +0.20 pawns. search time
limit is 1:00} 1. e4 1... e5 2. f4 exf4 3. Nf3 g5 4. d4 ({10:-1.63} 4. d4 4...
g4 5. Ne5 Qh4+ 6. Kd2 d6 7. Nd3 Nf6 8. Nc3 8... g3 $19) ({10:-0.72} 4. h3 4...
Nf6 5. Nxg5 h6 6. Nf3 Nxe4 7. Nc3 Ng3 8. Rg1 8... Bb4 $17) 4... g4 5. Ne5 Qh4+
6. Kd2 d6 7. Nc4 Qf2+ 8. Kc3 Nf6 9. Bd3 ({8:-1.47} 9. Bd3 9... Nc6 10. Qg1 Qxg1
11. Rxg1 d5 12. Ncd2 Bb4+ 13. Kb3 Bxd2 14. Nxd2 Nxd4+ 15. Ka3 $17) ({8:-1.25} 
9. Qd3 9... Na6 10. Nbd2 c5 11. dxc5 Nxc5 12. Qe2 Qxe2 13. Bxe2 Ncxe4+ 14. Nxe4
14... Nxe4+ $17) 9... d5 10. Qd2 Qxd4+ 11. Kxd4 Nc6+ 12. Kc3 Bb4+ 13. Kb3 dxc4+
14. Bxc4 Bxd2 15. Nxd2 Be6 16. Rf1 ({10:-2.12} 16. Rf1 16... Na5+ 17. Kb4 Nxc4
18. Nxc4 c5+ 19. Kc3 Nxe4+ 20. Kd3 Rd8+ 21. Kxe4 Rd4+ 22. Ke5 Ke7 23. Rxf4 f6+
24. Rxf6 Rd5+ 25. Ke4 25... Kxf6 $19) ({10:-1.55} 16. Bxe6 16... fxe6 17. c3
O-O-O 18. Rf1 e5 19. Kc2 Rd7 20. Rf2 Rhd8 21. Kd1 $19) 16... Bxc4+ 17. Kxc4 Nh5
18. Nb3 f3 19. gxf3 Ne5+ 20. Kb4 Nxf3 21. Rf2 Nf6 22. h3 ({10:-1.55} 22. h3
22... h5 23. Nd2 a5+ 24. Kb3 a4+ 25. Kb4 Nd4 26. Kc3 g3 27. Rxf6 g2 28. Nf3
28... Nxf3 $19) ({10:-1.22} 22. Nd2 22... Nd4 23. Kc3 g3 24. hxg3 Ng4 25. Rf1
Ne3 26. Rf6 26... Ndxc2 $17) 22... h5 23. Nd2 a5+ 24. Ka4 ({10:-3.13} 24. Ka4
24... Nd4 25. Nb3 Nxe4 26. Rg2 Nxb3 27. cxb3 gxh3 28. Rh2 f5 29. Rxh3 $19) ({
10:-1.81} 24. Kb3 24... Nd4+ 25. Kc3 Nb5+ 26. Kc4 Nd6+ 27. Kd4 Nd7 28. Rh2 gxh3
29. Rxh3 O-O-O 30. Nc4 Nb5+ 31. Ke3 $19) 24... Nd4 25. b3 Nd7 26. Nf1 Nc5+ 27.
Ka3 Nxe4 28. Bb2 Nb5+ 29. Ka4 Rh6 30. Re2 ({9:-3.75} 30. Re2 30... Nbd6 31.
hxg4 hxg4 32. Ng3 Re6 33. Nxe4 b5+ 34. Ka3 Nxe4 35. Rae1 b4+ 36. Ka4 $19) ({
9:-3.40} 30. Rf5 30... Nbd6 31. Re5+ Kf8 32. Re1 Re6 33. hxg4 b5+ 34. Rxb5 Nxb5
35. gxh5 $19) 30... Nbd6 31. Nd2 Re6 32. Nxe4 b5+ 33. Ka3 Nxe4 34. Rae1 f5 35.
Ba1 a4 36. Kb4 c6 37. hxg4 hxg4 38. Bb2 Ra7 39. a3 Rae7 40. Ba1 axb3 41. cxb3
c5+ 42. Ka5 Kd7 43. a4 bxa4 44. b4 f4 45. Rg2 g3 46. Rf1 Rf7 47. Kxa4 f3 48.
Rgg1 f2 49. Rg2 Nd2 50. Rd1 Re1 51. Rxd2+ Ke6 52. Bc3 f1=Q 53. b5 Ra7+ 54. Kb3
Qxb5+ 55. Bb4 0-1

[Event "ICS rated blitz match"]
[Site "207.99.83.227"]
[Date "1999.05.11"]
[Round "?"]
[White "Hossa"]
[Black "JudgeTurpin"]
[Result "1-0"]
[WhiteElo "2399"]
[BlackElo "2562"]
[PlyCount "115"]

1. e4 e5 2. f4 exf4 3. Nf3 Be7 4. Nc3 Nf6 5. d3 d5 6. Bxf4 Bb4 7. e5 Ng4 8. d4
Bxc3+ 9. bxc3 f6 10. Bb5+ c6 11. Bd3 fxe5 12. Nxe5 Nxe5 13. Bxe5 O-O 14. Qh5 h6
15. Qg6 Rf7 16. Qh7+ Kf8 17. Bxg7+ Ke8 18. Bg6 Qh4+ 19. Kd1 Bg4+ 20. Kc1 Qf2
21. Bxf7+ Qxf7 22. Qh8+ Kd7 23. Be5 Bh5 24. Bxb8 Qf4+ 25. Bxf4 Rxh8 26. Re1 b6
27. Re3 Bg6 28. Rh3 Be4 29. g4 Rf8 30. Bxh6 Rf2 31. Bd2 Rf1+ 32. Kb2 Rxa1 33.
Kxa1 Bxc2 34. Rh6 a6 35. Bf4 Ba4 36. Rh7+ Ke6 37. h3 Bb5 38. Bc7 Bd3 39. Rh6+
Kd7 40. Bxb6 Be4 41. h4 Bc2 42. Bc5 Ba4 43. Rd6+ Ke8 44. h5 Kf7 45. g5 Bc2 46.
h6 Bd3 47. Rf6+ Kg8 48. g6 Bxg6 49. Rxg6+ Kh7 50. Rxc6 a5 51. Rd6 a4 52. Kb2
Kh8 53. Rd7 a3+ 54. Kxa3 Kg8 55. Kb3 Kh8 56. Bd6 Kg8 57. h7+ Kh8 58. Be5# {
JudgeTurpin checkmated} 1-0

[Event "ICS rated blitz match"]
[Site "207.99.83.227"]
[Date "1999.05.11"]
[Round "?"]
[White "Hossa"]
[Black "JudgeTurpin"]
[Result "0-1"]
[WhiteElo "2422"]
[BlackElo "2539"]
[Annotator "Crafty v16.6"]
[PlyCount "115"]

{annotating for player ossa using a scoring margin of +0.20 pawns. search time
limit is 1:00} 1. e4 1... c6 2. d4 d5 3. Nc3 dxe4 4. Nxe4 Nd7 5. Nf3 Ngf6 6.
Nxf6+ Nxf6 7. Bc4 Bf5 8. O-O e6 9. Nh4 Bg4 10. f3 Bh5 11. g4 Nd5 12. Ng2 Bg6
13. f4 Qd7 14. f5 ({9:-0.98} 14. f5 14... exf5 15. Bxd5 cxd5 16. Qe2+ Be7 17.
gxf5 Bxf5 18. Qe5 Bxc2 19. Qxg7 19... Rf8 $17) ({9:-0.34} 14. Nh4 14... Nb6 15.
Bb3 O-O-O 16. f5 exf5 17. gxf5 $15) 14... exf5 15. gxf5 ({9:-1.47} 15. gxf5
15... Bxf5 16. Qh5 g6 17. Qe2+ Qe7 18. Qxe7+ Bxe7 19. Bxd5 cxd5 20. Ne3 Bh3 21.
Rf3 21... Be6 $17) ({9:-0.63} 15. Bxd5 15... cxd5 16. Qe2+ Be7 17. gxf5 Bxf5
18. Qe5 Bxc2 19. Qxg7 Rf8 20. Ne3 20... Be4 $15) 15... Bxf5 16. Qh5 g6 17. Qe2+
Qe6 18. Qf2 ({10:-1.48} 18. Qf2 18... O-O-O 19. Ne3 Rg8 20. Qf3 Rg7 21. Nxd5
cxd5 22. Bg5 dxc4 23. Bxd8 Kxd8 24. Qxb7 $17) ({10:-0.96} 18. Ne3 18... O-O-O
19. Qf3 Be4 20. Qxf7 Qh3 21. Bxd5 cxd5 22. c4 dxc4 23. Qxc4+ 23... Kb8 $17)
18... O-O-O 19. Bg5 ({9:-1.90} 19. Bg5 19... f6 20. Bh4 Be7 21. Nf4 Qd7 22.
Nxd5 cxd5 23. Bd3 Bxd3 24. cxd3 $19) ({9:-1.53} 19. Ne3 19... Rg8 20. Qf3 Rd7
21. Bxd5 cxd5 22. Nxf5 gxf5+ 23. Kh1 Qe4 24. Rf2 $19) 19... f6 20. Rae1 Qd6 21.
Bh4 Bg7 22. c3 ({11:-1.89} 22. c3 22... Qd7 23. Bg3 Bh6 24. Bxd5 cxd5 25. Bf4
Bg7 26. Bg3 26... b5 $19) ({11:-1.12} 22. Bg3 22... Qd7 23. Bxd5 Qxd5 24. Ne3
Qxd4 25. Nxf5 gxf5 26. Qxd4 Rxd4 27. Re7 Rd7 28. Rxd7 Kxd7 29. Rxf5 $17) 22...
Rhe8 23. Be2 ({10:-2.16} 23. Be2 23... Bh3 24. c4 Nb4 25. Bg3 Qd7 26. d5 Nc2
27. dxc6 Qxc6 28. Bf3 $19) ({11:-0.86} 23. Bg3 23... Qd7 24. Bxd5 cxd5 25. Qf4
Qc6 26. Rxe8 Rxe8 27. Qb8+ Kd7 28. Qxa7 Bh3 29. Ra1 Re2 30. Nf4 $17) 23... Bh3
24. Bf3 Qd7 25. Be4 ({10:-2.64} 25. Be4 25... g5 26. Bg3 Rxe4 27. Rxe4 f5 28.
Re5 Bxe5 29. Bxe5 29... f4 $19) ({10:-1.02} 25. Bxd5 25... Rxe1 26. Qxe1 g5 27.
Be4 Re8 28. Bg3 f5 29. Bxf5 Bxf5 30. Qxe8+ Qxe8 31. Rxf5 $17) 25... Re7 26. c4
({10:-1.80} 26. c4 26... Nb4 27. d5 Rde8 28. Bf3 Rxe1 29. Rxe1 g5 30. Bg3 Rxe1+
31. Nxe1 f5 32. Qxa7 Bxb2 33. dxc6 33... Nxc6 $19) ({10:-1.02} 26. Bxd5 26...
Rxe1 27. Qxe1 g5 28. Be4 Re8 29. Bg3 f5 30. Bxf5 Bxf5 31. Qxe8+ Qxe8 32. Rxf5
$17) 26... Rde8 27. Bxd5 Rxe1 28. Rxe1 Rxe1+ 29. Nxe1 cxd5 30. cxd5 Qf5 31. b3
Qe4 32. Qc2+ Qxc2 33. Nxc2 Bf5 34. Na3 Kd7 35. Bg3 Be4 36. Nb5 f5 37. Bf2 a6
38. Nc3 Bf3 39. Kf1 g5 40. Bg1 Kd6 41. b4 g4 42. Be3 Bxd5 43. Kf2 Ke6 44. a3
Bf3 45. Ne2 Bxe2 46. Kxe2 Kd5 47. Kd3 b5 48. Bg1 f4 49. Bf2 h5 50. Bg1 h4 51.
a4 bxa4 52. Kc3 g3 53. b5 Bxd4+ 54. Bxd4 gxh2 55. bxa6 h1=Q 56. Bf6 Qa1+ 57.
Kb4 Qxf6 58. Ka3 0-1

[Event "ICS rated blitz match"]
[Site "207.99.83.227"]
[Date "1999.05.11"]
[Round "?"]
[White "nimraz"]
[Black "Hossa"]
[Result "0-1"]
[WhiteElo "2348"]
[BlackElo "2411"]
[PlyCount "73"]

1. e4 e5 2. d4 exd4 3. Nf3 Bb4+ 4. c3 dxc3 5. bxc3 Be7 6. Bc4 Nh6 7. O-O Ng4 8.
h3 Nh6 9. Bxh6 gxh6 10. Qd5 O-O 11. Qh5 Bf6 12. Qxh6 Bg7 13. Qh5 Qf6 14. e5 Qg6
15. Qh4 Nc6 16. Re1 Re8 17. Nbd2 a5 18. Ng5 Rf8 19. f4 d6 20. e6 Bxc3 21. exf7+
Kh8 22. Rad1 Bf5 23. g4 Bc2 24. f5 Qg7 25. Nde4 Bxe1 26. Rxe1 Bxe4 27. Rxe4 Nd4
28. Kg2 h6 29. Ne6 Nxf5 30. Qh5 Qxf7 31. Qxf5 Qxf5 32. gxf5 Rxf5 33. Nxc7 Rc8
34. Ne6 d5 35. Rh4 Rxc4 36. Rxh6+ Kg8 37. Kg3 {nimraz resigns} 0-1

[Event "ICS rated blitz match"]
[Site "207.99.83.227"]
[Date "1999.05.11"]
[Round "?"]
[White "Hossa"]
[Black "JudgeTurpin"]
[Result "0-1"]
[WhiteElo "2424"]
[BlackElo "2550"]
[Annotator "Crafty v16.6"]
[PlyCount "123"]

{annotating for player ossa using a scoring margin of +0.20 pawns. search time
limit is 1:00} 1. e4 1... c5 2. Nc3 a6 3. Be2 Nc6 4. Nf3 Nd4 5. O-O Nxe2+ 6.
Qxe2 d6 7. d4 cxd4 8. Nxd4 e5 9. Nf3 Bg4 10. h3 Bxf3 11. Qxf3 Nf6 12. Qg3 Nh5
13. Qd3 ({12:+0.29} 13. Qd3 13... Be7 14. Qf3 Nf6 15. Bg5 O-O 16. Rfd1 Qd7 17.
Bxf6 Bxf6 18. Nd5 Bh4 19. Qh5 $10) ({12:+0.66} 13. Qg4 13... Nf6 14. Qg5 Rc8
15. Bd2 Rc4 16. Rfe1 Nd7 17. Qf5 Qf6 18. Qxf6 Nxf6 19. Rad1 $14) 13... Be7 14.
Nd5 Nf6 15. Nxf6+ Bxf6 16. Rd1 O-O 17. Qxd6 Qc8 18. Rd2 Rd8 19. Qb6 Qc6 20.
Qxc6 bxc6 21. Rxd8+ Rxd8 22. Be3 Kf8 23. c4 Ke7 24. Bc5+ ({12:+0.52} 24. Bc5+
24... Ke6 25. b3 Rd2 26. Kf1 Be7 27. Be3 Rc2 28. g3 Bd6 29. Kg2 Re2 30. Kf3 $14
) ({12:+1.07} 24. Kf1 24... Ke6 25. Ke2 h6 26. Rc1 Rd7 27. Rc3 Bg5 28. Ra3 Rb7
29. b3 Bxe3 30. Kxe3 $16) 24... Ke6 25. Kh2 ({13:+0.44} 25. Kh2 25... Bg5 26.
b3 h5 27. Kg1 Rd2 28. Kf1 Bf4 29. g3 $14) ({13:+0.78} 25. Be3 25... h6 26. Kf1
Bg5 27. Ke2 Bxe3 28. Kxe3 Rd4 29. Rc1 c5 30. Rc3 h5 31. g3 31... g5 $16) 25...
Rd2 26. b3 Rd3 27. g4 Bg5 28. Kg2 g6 29. Re1 Rd2 30. a3 Rd3 31. Rb1 Be7 32.
Bxe7 Kxe7 33. g5 f6 34. h4 Ke6 35. gxf6 Kxf6 36. f3 g5 37. h5 g4 38. fxg4 Kg5
39. Rf1 Kxg4 40. Rf6 Rxb3 41. Rxc6 Rxa3 42. Kf2 Kxh5 43. Rc5 Kg5 44. Rxe5+ Kf4
45. Re6 Ra2+ 46. Kg1 a5 47. c5 Rc2 48. c6 a4 49. Re7 Rc1+ 50. Kf2 Rxc6 51. Rxh7
Rc2+ 52. Ke1 a3 53. Kd1 a2 54. Rf7+ Ke3 55. Ra7 Rb2 56. Ra3+ Kxe4 57. Ra4+ Kd5
58. Ra7 Rb1+ 59. Ke2 a1=Q 60. Rd7+ Ke6 61. Rh7 Qa2+ 62. Ke3 0-1

[Event "ICS rated blitz match"]
[Site "207.99.83.227"]
[Date "1999.05.11"]
[Round "?"]
[White "Hossa"]
[Black "JudgeTurpin"]
[Result "0-1"]
[WhiteElo "2414"]
[BlackElo "2572"]
[Annotator "Crafty v16.6"]
[PlyCount "111"]

{annotating for player ossa using a scoring margin of +0.20 pawns. search time
limit is 1:00} 1. e4 1... e5 2. f4 exf4 3. Nf3 d6 4. d4 g5 5. h3 Bg7 6. Be2 f5
7. Nc3 Nc6 8. Bb5 Bd7 9. exf5 ({9:-1.05} 9. exf5 9... Qe7+ 10. Ne2 O-O-O 11. d5
Ne5 12. Bxd7+ Rxd7 13. Nfd4 Nf6 14. Ne6 14... Ne4 $17) ({9:-0.77} 9. Qe2 9...
Nxd4 10. Nxd4 Bxd4 11. Qh5+ Kf8 12. Bxd7 Qxd7 13. Qxg5 Bxc3+ 14. bxc3 Re8 15.
Bxf4 Rxe4+ 16. Be3 $17) 9... Qe7+ 10. Kf2 ({9:-1.15} 10. Kf2 10... O-O-O 11. d5
Ne5 12. Bxd7+ Rxd7 13. Nb5 a6 14. Nbd4 Nxf3 15. Nxf3 15... Bf6 $17) ({9:-0.87} 
10. Ne2 10... O-O-O 11. d5 Ne5 12. Bxd7+ Rxd7 13. Nfd4 Qf7 14. Nb5 a6 15. Na7+
15... Kb8 $17) 10... O-O-O 11. Re1 Qf6 12. d5 Nce7 13. Bxd7+ Rxd7 14. Ne4 ({
10:-1.01} 14. Ne4 14... Qxf5 15. Nexg5 h6 16. Ne6 Nxd5 17. Nh4 Qf6 18. Qxd5
Qxh4+ 19. Kf1 $17) ({10:-0.59} 14. Nb5 14... a6 15. Nbd4 Nh6 16. Re6 Qf8 17.
Nxg5 Nhxf5 18. Ne2 18... Ne3 $15) 14... Qxf5 15. Nexg5 Nh6 16. c4 b5 17. Re4 ({
10:+0.12} 17. Re4 17... Ng6 18. Qe2 Nf7 19. Re8+ Nd8 20. Qe4 Qxe4 21. Rxe4 b4
22. Bxf4 22... Bxb2 $10) ({10:+0.60} 17. Ne6 17... Rg8 18. Bxf4 Qg6 19. Rb1
bxc4 20. Kf1 Re8 21. Kg1 21... Kb8 $14) 17... bxc4 18. Qa4 Qxd5 19. Qxa7 c5 20.
Qa6+ Qb7 21. Qa3 Nd5 22. Rxc4 Kb8 23. Rb1 Nf5 24. Bxf4 Re8 25. Nxh7 Nxf4 26.
Rxf4 Nd4 27. Nf6 Bxf6 28. Rxf6 Qe4 29. Rf1 Rg8 30. g4 Qc2+ 31. Kg1 Ne2+ 32. Kh1
Ng3+ 33. Kg1 Nxf1 34. Kxf1 Re8 35. Qc3 Qb1+ 36. Kf2 Qxa2 37. h4 Kc7 38. Nd2 Qa1
39. Nc4 Rde7 40. Qd2 d5 41. Qf4+ Kb7 42. Nd6+ Ka8 43. Nxe8 Qe1+ 44. Kf3 Qe2+
45. Kg3 Re3+ 46. Qxe3 Qxe3+ 47. Rf3 Qxe8 48. Kh3 Qe2 49. Rf8+ Kb7 50. Rf7+ Kc6
51. Rf6+ Kd7 52. Rf5 Ke6 53. Rg5 Qxb2 54. Rg6+ Ke5 55. Rg5+ Ke4 56. Rg8 0-1

[Event "ICS rated blitz match"]
[Site "207.99.83.227"]
[Date "1999.05.11"]
[Round "?"]
[White "Hossa"]
[Black "JudgeTurpin"]
[Result "0-1"]
[WhiteElo "2405"]
[BlackElo "2581"]
[Annotator "Crafty v16.6"]
[PlyCount "53"]

{annotating for player ossa using a scoring margin of +0.20 pawns. search time
limit is 1:00} 1. e4 1... e5 2. f4 exf4 3. Nf3 g5 4. d4 ({10:-1.63} 4. d4 4...
g4 5. Ne5 Qh4+ 6. Kd2 d6 7. Nd3 Nf6 8. Nc3 8... g3 $19) ({10:-0.72} 4. h3 4...
Nf6 5. Nxg5 h6 6. Nf3 Nxe4 7. Nc3 Ng3 8. Rg1 8... Bb4 $17) 4... g4 5. Ne5 Qh4+
6. Kd2 d6 7. Nc4 f3 8. gxf3 Bh6+ 9. Kc3 Bxc1 10. Qxc1 gxf3 11. Nbd2 ({9:-0.86} 
11. Nbd2 11... f2 12. e5 Nc6 13. Nf3 Qe4 14. Qe3 d5 15. Bd3 Qxe3 16. Nxe3 $17)
({9:-0.39} 11. Qe3 11... Nf6 12. Nbd2 f2 13. Be2 Bh3 14. Bf1 Be6 15. Na5 15...
Ng4 $15) 11... Nf6 12. e5 ({9:-1.37} 12. e5 12... Nc6 13. exf6 Qxd4+ 14. Kb3 b5
15. Nxf3 bxc4+ 16. Ka4 Qxf6 17. Qe3+ Qe6 18. Re1 $17) ({9:-0.80} 12. Nxf3 12...
Qxe4 13. Qd1 Bg4 14. Bg2 Nc6 15. Re1 Bxf3 16. Qxf3 Nd5+ 17. Kd2 $17) 12... Nd5+
13. Kb3 b5 14. Nxd6+ cxd6 15. Bxb5+ ({8:-2.16} 15. Bxb5+ 15... Bd7 16. Nxf3 Qe4
17. Qf1 Ne3 18. Qe2 Bxb5 19. Qxb5+ Nc6 20. exd6 20... Qxf3 $19) ({8:-1.79} 15.
exd6 15... Qxd4 16. Bxb5+ Bd7 17. Re1+ Kd8 18. Re4 Qb6 19. a4 Bxb5 20. axb5
Qxd6 21. Nxf3 $19) 15... Bd7 16. Nxf3 Qe4 17. Bxd7+ ({9:-4.46} 17. Bxd7+ 17...
Nxd7 18. exd6 Qxf3+ 19. c3 Rb8+ 20. Ka3 N7b6 21. Re1+ Kd7 22. b3 Nxc3 23. Re3
Nb5+ 24. Kb2 $19) ({9:-2.76} 17. Qf1 17... Ne3 18. Qd3 Qxf3 19. exd6 Bxb5 20.
Qxb5+ Nc6 21. Rhe1 21... O-O $19) 17... Nxd7 18. exd6 Qxf3+ 19. c3 Ne3 20.
Qxe3+ Qxe3 21. Rhe1 Rb8+ 22. Ka3 Qe6 23. Rxe6+ fxe6 24. c4 Nb6 25. b3 Kd7 26.
h4 ({11:-5.21} 26. h4 26... Nxc4+ 27. bxc4 Rhc8 28. Rg1 Rxc4 29. Rg7+ Kxd6 30.
Rxh7 Rxd4 31. h5 Rd3+ 32. Ka4 Rb2 33. a3 $19) ({11:-4.05} 26. c5 26... Rhg8 27.
Rc1 Nc8 28. Rc2 Nxd6 29. cxd6 Kxd6 30. Kb2 Rbc8 31. Rc4 $19) 26... Rhf8 27. c5
0-1